Online
Catalog

Avileses : (Record no. 42096)

MARC details
000 -CABECERA
campo de control de longitud fija 00827nam a2200217 a 4500
001 - NÚMERO DE CONTROL
campo de control 000042607
005 - FECHA Y HORA DE LA ÚLTIMA TRANSACCIÓN
campo de control 20201002040253.0
008 - DATOS DE LONGITUD FIJA--INFORMACIÓN GENERAL
campo de control de longitud fija 140131s2009 sp ac 000 0 spa d
020 ## - NÚMERO INTERNACIONAL ESTÁNDAR DEL LIBRO
Número Internacional Estándar del Libro 9788461250158
040 ## - FUENTE DE LA CATALOGACIÓN
Centro catalogador/agencia de origen DO-SdBNP
100 1# - ENTRADA PRINCIPAL--NOMBRE DE PERSONA
Nombre de persona Sanchidrián Gallego, Jesús María José
9 (RLIN) 69854
245 10 - MENCIÓN DE TÍTULO
Título Avileses :
Resto del título Tipos de Ávila estampas y fotografías (1777-1960) /
Mención de responsabilidad, etc. Jesús Maria José Sanchidrián Gallego.
260 ## - PUBLICACIÓN, DISTRIBUCIÓN, ETC.
Lugar de publicación, distribución, etc. España :
Nombre del editor, distribuidor, etc. Piedra Caballera,
Fecha de publicación, distribución, etc. 2009.
300 ## - DESCRIPCIÓN FÍSICA
Extensión 278 p. :
Otras características físicas il., retr. ;
Dimensiones 18 cm.
490 1# - MENCIÓN DE SERIE
Mención de serie Estampas de la tierra de Ávila
Designación de volumen o secuencia 6
500 ## - NOTA GENERAL
Nota general Incluye notas a pie de páginas
500 ## - NOTA GENERAL
Nota general Incluye datos biografícos del autor
500 ## - NOTA GENERAL
Nota general Incluye reseña de autores y procedencia de las imágenes
504 ## - NOTA DE BIBLIOGRAFÍA, ETC.
Nota de bibliografía, etc. Bibliografía p: 261-278
830 #0 - PUNTO DE ACCESO ADICIONAL DE SERIE-TÍTULO UNIFORME
Título uniforme Estampas de la tierra de Ávila
Número de parte o sección de la obra 6
9 (RLIN) 69855
Holdings
Estado de retiro Estado de pérdida Restricciones de uso No para préstamo Código de colección Localización permanente Ubicación/localización actual Ubicación en estantería Fecha de adquisición Número de inventario Total de préstamos Signatura topográfica completa Código de barras Fecha visto por última vez Precio válido a partir de Tipo de ítem Koha
      Excluido de préstamo Monografías: Libros y Folletos General General En catalogación 31.01.2014 LF1   42607-10 25.06.2020 25.06.2020 No se presta

Powered by Koha